Les 10 films les plus regardés de l'histoire - Statistiques

Statistiques générales
  • Ce quiz a été pris 183 fois
    139 depuis la dernière actualisation
  • Le résultat moyen est 2 sur 10
Statistiques - réponses
Nombre d'entrées Film % Correct
~452 millions Titanic
90%
~331 millions Avatar
80%
~400 millions Avengers: Endgame
22%
~265 millions Avengers: Infinity War
12%
~245 millions Spider-Man: No Way Home
2%
~248 millions Doctor Zhivago
0%
~276 millions E.T. the Extra-Terrestrial
0%
~405 millions Gone with the Wind
0%
~285 millions The Sound of Music
0%
~262 millions The Ten Commandments
0%
Aucun quiz correspondant
Distribution des résultats
% des personnes avec chaque résultat
Percentile par nombre de réponses
Votre historique - résultats
Vous n’avez pas pris ce quiz depuis la dernière actualisation